Una salida evasiva para elvitar un nuevo fracaso /

Enregistré dans:
Détails bibliographiques
Auteur principal: Moreno, Raúl
Format: Texte
Sujets:
Tags: Ajouter un tag
Pas de tags, Soyez le premier à ajouter un tag!

MARC

LEADER 00000 a a2200000 04500
001 11792
003
040
100 |a Moreno, Raúl  
245 |a Una salida evasiva para elvitar un nuevo fracaso /  |c Raúl Moreno 
650 |a ALCA  
650 |a NEGOCIACIONES COMERCIALES  
650 |a POLITICA DE COMERCIO EXTERIOR  
650 |a PROTECCIONISMO  
773 |g número 110; páginas 26-28  
999 |c 27528  |d 27528